000 00490nam a2200181Ia 4500
005 20250508151124.0
008 008 250505s9999 xx 000 0 eng d
037 _aTextual
040 _aFEDL
_beng
_cFEDL
041 _aeng
_2eng
084 _a501, BER
_qFEDL
100 _aBarber Bernard
245 0 _aScience and the social order
260 _aLondon, UK
_bGeorge Allen and Unwin Ltd.
_c1953
300 _a288p
942 _cTEXL
_h501, BER
999 _c1327719
_d1327719